LEADER 01353nam a2200253 i 4500 001 000000104247 003 CaOOAMICUS 005 20011109000000.0 008 011109s1932 it u000 u ita u 013 $a76434 040 $aSeMil$bita 245 10$aInnocenzo 10., Alessandro 7., Clemente 9., Clemente 10. (1644-1676) /$cversione italiana di Pio Cenci. 300 $aXLV, 684 p. 600 04$aClemente X .$0(OLS)http://semarc/subject/18203 600 04$aInnocenzo X .$0(OLS)http://semarc/subject/18201 600 04$aClemente IX .$0(OLS)http://semarc/subject/15948 600 04$aAlessandro VII .$0(OLS)http://semarc/subject/18202 700 1 $aPastor, Ludwig : von <1854-1928>.$0(OLS)http://semarc/name/610 700 1 $aCenci, Pio.$0(OLS)http://semarc/name/30478 773 0 $aPastor, Ludwig : von <1854-1928>$tStoria dei papi.$dRoma : Desclée & C.-Editori Pontifici, 1908-1963.$gVolume14$w()762 773 0 $tStoria dei papi nel periodo dell'Assolutismo dall'elezione di Innocenzo 10. sino alla morte di Innocenzo 12. (1644-1700).$gParte1$w()969 850 $aSeMil 852 $aSeMil$W1$xVenegono$y1$mSL1.F IV 14/1$j60646$B60646$CSeMilBibl$Z2$F45056 $8I 996 $6245$aInnocenzo 10., Alessandro 7., Clemente 9., Clemente 10. (1644-1676)$9(OLS)http://semarc/title/151186 LEADER 01156nam a2200277 i 4500 001 000000126498 003 CaOOAMICUS 005 20051213000000.0 008 051213s1974 it u000 u ita u 013 $a99205 040 $aSeMil$bita 100 1 $aPetrocchi, Giorgio,$d<1921-1989>.$0(OLS)http://semarc/name/4945 245 10$aScrittori religiosi del Trecento /$cGiorgio Petrocchi. 260 $aFirenze :$bSansoni,$ccopyr. 1974. 300 $a157 p. ;$c18 cm. 490 0 $aScuola aperta. Lettere italiane ;$v51 500 $aContiene : Bibliografia. - Fondo Ciprandi. 650 4$aLetteratura italiana - Sec. 14.$0(OLS)http://semarc/subject/6319 650 4$aLetteratura religiosa italiana - Sec. 14.$0(OLS)http://semarc/subject/10014 830 0$aScuola aperta. Lettere italiane ;$v51.$0(OLS)http://semarc/title/10444 850 $aSeMil 852 $aSeMil$W1$xVenegono$y1$m1D II 81$j80864$B80864$CSeMilBibl$Z2$F106905 $81 941 1 $a1 961 $aOmaggio: Ciprandi dott. Paolo 996 $6245$aScrittori religiosi del Trecento$9(OLS)http://semarc/title/186517 996 $6260$aFirenze :$bSansoni$9(OLS)http://semarc/publisher/29843